[Event "FIDE Open World Blitz 2021"]
[Site "Warsaw"]
[Date "2021.12.29"]
[Round "12.5"]
[White "Mitrabha, Guha"]
[Black "Alonso Rosell, Alvar"]
[Result "1-0"]
[WhiteElo "2370"]
[BlackElo "2580"]
[Annotator "ChessBase"]
[PlyCount "113"]
[EventDate "2021.12.29"]
[EventType "swiss"]
[EventCountry "POL"]
[Tiebreak "Cut1 Buchholz"]
[SourceTitle "playchess.com"]
[Source "ChessBase"]
[SourceQuality "1"]

1. d4 f5 2. Nc3 Nf6 3. Bg5 d5 4. Bxf6 exf6 5. e3 Be6 6. Bd3 Qd7 7. Nge2 Nc6 8.
a3 g5 9. Na4 b6 10. b3 Na5 11. Nb2 Bd6 12. c4 dxc4 13. Nxc4 Nxc4 14. Bxc4 Bxc4
15. bxc4 c5 16. Qd3 Qe6 17. O-O O-O 18. Nc3 Rad8 19. a4 f4 20. Nd5 fxe3 21.
fxe3 f5 22. Rf3 cxd4 23. exd4 f4 24. Rff1 Rde8 25. Qc3 Rc8 26. Qb3 Kg7 27. Rae1
Qf5 28. a5 Rb8 29. axb6 axb6 30. Qb2 Kh6 31. Qb5 Rf7 32. Qc6 Qd7 33. Qxd7 Rxd7
34. Re6+ Kg7 35. Rfe1 Bf8 36. R1e5 h6 37. h4 g4 38. Rf5 b5 39. c5 b4 40. c6 Rf7
41. c7 Ra8 42. Rxf7+ Kxf7 43. Rc6 g3 44. c8=Q Rxc8 45. Rxc8 Bd6 46. Kf1 Ke6 47.
Nb6 b3 48. Nc4 Kd7 49. Ra8 Bc7 50. Ke2 Kc6 51. Ra3 Kd5 52. Nd2 b2 53. Rb3 Kxd4
54. Rxb2 Bd8 55. Nf3+ Ke4 56. Rb5 Bf6 57. Rh5 1-0

[Event "FIDE Open World Blitz 2021"]
[Site "Warsaw"]
[Date "2021.12.29"]
[Round "12.6"]
[White "Narayanan.S.L"]
[Black "Theodorou, Nikolas"]
[Result "1/2-1/2"]
[WhiteElo "2570"]
[BlackElo "2351"]
[Annotator "ChessBase"]
[PlyCount "142"]
[EventDate "2021.12.29"]
[EventType "swiss"]
[EventCountry "POL"]
[Tiebreak "Cut1 Buchholz"]
[SourceTitle "playchess.com"]
[Source "ChessBase"]
[SourceQuality "1"]

1. d4 Nf6 2. c4 g6 3. g3 Bg7 4. Bg2 O-O 5. Nc3 d6 6. Nf3 Nc6 7. Bf4 Bf5 8. Rc1
Ne4 9. Nxe4 Bxe4 10. d5 Nd4 11. O-O Nxf3+ 12. exf3 Bf5 13. Qd2 e5 14. Be3 b6
15. b4 a5 16. c5 Bd7 17. cxb6 cxb6 18. bxa5 bxa5 19. f4 Re8 20. Rfe1 a4 21. Qb4
Qb8 22. Qd2 a3 23. Rb1 Qd8 24. Rec1 exf4 25. Bxf4 Bf5 26. Rb7 Qf6 27. h4 Qb2
28. Rcc7 Re2 29. Rxb2 axb2 30. Qxe2 b1=Q+ 31. Kh2 h5 32. Bxd6 Qxa2 33. Qxa2
Rxa2 34. Bc5 Rd2 35. Be3 Rd3 36. Rc5 Bf8 37. Ra5 Bd6 38. Bf1 Rd1 39. Be2 Re1
40. Bf3 Rb1 41. Ra6 Be5 42. d6 Rb8 43. Bc5 Rd8 44. Ra8 Rxa8 45. Bxa8 Bd7 46. f4
Bc3 47. Kg2 f6 48. Bd5+ Kf8 49. Kf3 Ke8 50. Ke3 Be1 51. Kf3 Bg4+ 52. Kg2 Bd7
53. Be4 f5 54. Bd5 Bb5 55. Kf3 Ba4 56. Ba3 Bd1+ 57. Ke3 Ba4 58. Kf3 Bd1+ 59.
Kg2 Ba4 60. Be6 Bc6+ 61. Kh2 Bd7 62. Bd5 Bb5 63. Bc5 Ba4 64. Bc4 Bc6 65. Bf1
Kd7 66. Be2 Ke8 67. Bc4 Ba4 68. Bg8 Bc6 69. Be6 Bd7 70. Bd5 Bb5 71. Bb3 Bc6
1/2-1/2

[Event "FIDE Open World Blitz 2021"]
[Site "Warsaw"]
[Date "2021.12.29"]
[Round "12.7"]
[White "Artemiev, Vladislav"]
[Black "Ivic, Velimir"]
[Result "1-0"]
[WhiteElo "2699"]
[BlackElo "2575"]
[Annotator "ChessBase"]
[PlyCount "129"]
[EventDate "2021.12.29"]
[EventType "swiss"]
[EventCountry "POL"]
[Tiebreak "Cut1 Buchholz"]
[SourceTitle "playchess.com"]
[Source "ChessBase"]
[SourceQuality "1"]

1. Nf3 Nf6 2. g3 g6 3. b3 Bg7 4. Bb2 d6 5. Bg2 O-O 6. c4 e5 7. d3 Nc6 8. O-O
Re8 9. Nc3 h6 10. Nd2 a5 11. a3 Nd4 12. e3 Ne6 13. b4 axb4 14. axb4 Rxa1 15.
Bxa1 h5 16. Nde4 Nxe4 17. Nxe4 h4 18. Qe2 f5 19. Nd2 Ng5 20. gxh4 Nf7 21. h5 g5
22. h3 Nh6 23. Qf3 f4 24. exf4 gxf4 25. Qe2 Qg5 26. Kh2 Qh4 27. Ne4 Rf8 28. f3
Qxh5 29. Rg1 Nf5 30. Bf1 Ne3 31. d4 Kh8 32. dxe5 Bxe5 33. Bxe5+ dxe5 34. Qf2
Bf5 35. Ng5 Rg8 36. h4 Qe8 37. Qb2 Qe7 38. Qxe5+ Qxe5 39. Nf7+ Kh7 40. Nxe5 Re8
41. Ng4 Nxf1+ 42. Rxf1 Re2+ 43. Rf2 Re1 44. Rd2 Rc1 45. Rd4 Rb1 46. b5 Be6 47.
Rxf4 Rc1 48. Ne3 Rc3 49. Re4 Bf7 50. Kg3 c6 51. bxc6 bxc6 52. Kf4 Kg6 53. Ke5
Rd3 54. Rg4+ Kh7 55. Nf5 Bg6 56. Nd4 c5 57. Ne6 Re3+ 58. Kd6 Bf5 59. Ng5+ Kh6
60. Rf4 Bd3 61. Kxc5 Bf1 62. Ne4 Re1 63. Rf6+ Kh5 64. Ng3+ Kxh4 65. Nxf1 1-0

[Event "FIDE Open World Blitz 2021"]
[Site "Warsaw"]
[Date "2021.12.29"]
[Round "12.7"]
[White "Chigaev, Maksim"]
[Black "Kanarek, Marcel"]
[Result "1-0"]
[WhiteElo "2626"]
[BlackElo "2342"]
[Annotator "ChessBase"]
[PlyCount "55"]
[EventDate "2021.12.29"]
[EventType "swiss"]
[EventCountry "POL"]
[Tiebreak "Cut1 Buchholz"]
[SourceTitle "playchess.com"]
[Source "ChessBase"]
[SourceQuality "1"]

1. d4 Nf6 2. Nf3 g6 3. c4 Bg7 4. Nc3 d6 5. e4 O-O 6. Be2 e5 7. O-O Nc6 8. d5
Ne7 9. b4 a5 10. bxa5 Rxa5 11. a4 c5 12. Ra3 Nh5 13. Re1 Ra6 14. Bd2 Kh8 15.
Rb3 Ng8 16. Qc1 Bf6 17. g3 Ng7 18. Qb2 Be7 19. Rb1 f5 20. Rb6 fxe4 21. Nxe4 Bg4
22. Rxa6 bxa6 23. Nxe5 Bxe2 24. Nc6 Bf6 25. Nxd8 Bxb2 26. Nxd6 Nh5 27. Rxb2 Kg7
28. Ne6+ 1-0

[Event "FIDE Open World Blitz 2021"]
[Site "Warsaw"]
[Date "2021.12.29"]
[Round "12.8"]
[White "Giri, Anish"]
[Black "Moroni, Luca Jr"]
[Result "1-0"]
[WhiteElo "2774"]
[BlackElo "2580"]
[Annotator "TA"]
[PlyCount "109"]
[EventDate "2021.12.29"]
[EventType "swiss"]
[EventCountry "POL"]
[Tiebreak "Cut1 Buchholz"]
[SourceTitle "playchess.com"]
[Source "ChessBase"]
[SourceQuality "1"]

1. e4 g6 2. d4 Bg7 3. Nf3 d6 4. Be3 Nf6 5. Nc3 d5 6. e5 Ne4 7. Nxe4 dxe4 8. Ng5
c5 9. c3 Nc6 10. e6 cxd4 11. exf7+ Kf8 12. cxd4 Bxd4 13. Bxd4 Nxd4 14. Nxe4 Bf5
15. Bd3 Qa5+ 16. Qd2 Qxd2+ 17. Kxd2 Rd8 18. Ke3 Kxf7 19. Rac1 Nc6 20. Rhd1 Bxe4
21. Bxe4 Rxd1 22. Rxd1 Rd8 23. Rc1 Rd6 24. Bxc6 bxc6 25. Rc5 Re6+ 26. Kf3 Rf6+
27. Kg3 Rd6 28. b3 Kf6 29. Kf3 Ke6 30. h4 h6 31. g3 Rd3+ 32. Ke2 Rd6 33. Ke3 h5
34. Rg5 Kf7 35. Ra5 Rd7 36. Ra6 Rc7 37. Kd4 Kf6 38. Kc5 Kf5 39. Rxc6 Rd7 40.
Rc8 Kg4 41. Rf8 e5 42. b4 Rd2 43. a4 Rc2+ 44. Kb5 e4 45. Rf4+ Kh3 46. Rxe4 Rxf2
47. Re3 Rf6 48. Ka5 Kg2 49. b5 Kf2 50. Ra3 Re6 51. Kb4 Re4+ 52. Kc5 Re6 53. a5
Rf6 54. b6 axb6+ 55. axb6 1-0

[Event "FIDE Open World Blitz 2021"]
[Site "Warsaw"]
[Date "2021.12.29"]
[Round "12.8"]
[White "Thybo, Jesper Sondergaard"]
[Black "Schneider, Ilja"]
[Result "1/2-1/2"]
[WhiteElo "2195"]
[BlackElo "2486"]
[Annotator "ChessBase"]
[PlyCount "182"]
[EventDate "2021.12.29"]
[EventType "swiss"]
[EventCountry "POL"]
[Tiebreak "Cut1 Buchholz"]
[SourceTitle "playchess.com"]
[Source "ChessBase"]
[SourceQuality "1"]

1. d4 d5 2. Nf3 Nf6 3. Bf4 c5 4. e3 cxd4 5. exd4 Nc6 6. c3 g6 7. Nbd2 Bg7 8.
Be2 O-O 9. h3 Bf5 10. O-O Rc8 11. Re1 Re8 12. Bf1 a6 13. a4 Ne4 14. Nxe4 Bxe4
15. Nd2 Bf5 16. Qb3 Qd7 17. Nf3 f6 18. Rad1 Kh8 19. Rd2 Be4 20. Nh2 Na5 21. Qb6
Nc4 22. Bxc4 Rxc4 23. a5 Rc6 24. Qb3 Bf5 25. Nf3 Be4 26. Nh2 Bf5 27. Rde2 Be6
28. Qb4 Rc4 29. Qa3 Rc6 30. Ng4 Kg8 31. Ne3 Bf7 32. Nc2 Bf8 33. Qa4 Rc7 34.
Qxd7 Rxd7 35. Nb4 e6 36. Nd3 g5 37. Bg3 Bg6 38. Nc5 Bxc5 39. dxc5 e5 40. b4 Bd3
41. Rd2 Bc4 42. f3 Kf7 43. Kf2 h5 44. h4 g4 45. f4 exf4 46. Bxf4 Rxe1 47. Kxe1
Re7+ 48. Kf2 Kg6 49. Bd6 Re4 50. Rd4 Re2+ 51. Kg1 Rc2 52. Rd1 Rxc3 53. Re1 d4
54. Bf4 Rc2 55. Re7 Bd5 56. g3 d3 57. Rd7 Be4 58. Kf1 Kf5 59. Ke1 Re2+ 60. Kd1
Rc2 61. Rd4 Bf3+ 62. Ke1 Re2+ 63. Kf1 Bg2+ 64. Kg1 Be4 65. Kf1 Ke6 66. Rd6+ Ke7
67. Rd4 f5 68. Rd6 Bg2+ 69. Kg1 Be4 70. Kf1 Rb2 71. Rd4 Bc6 72. Ke1 Re2+ 73.
Kf1 Bb5 74. Kg1 Re4 75. Rxe4+ fxe4 76. Kf2 Ke6 77. Bd2 Kd5 78. Ke3 Kc4 79. Be1
Kb3 80. Bd2 Kc2 81. Be1 Bc6 82. Bd2 Kd1 83. Bc3 Kc1 84. Bd2+ Kc2 85. Be1 Bb5
86. Bd2 Bc6 87. Be1 Kd1 88. Bc3 Bb5 89. Bd2 Kc2 90. Be1 Bc6 91. Bd2 Kb3 1/2-1/2

[Event "FIDE Open World Blitz 2021"]
[Site "Warsaw"]
[Date "2021.12.29"]
[Round "12.9"]
[White "Martirosyan, Haik M."]
[Black "Mamedyarov, Shakhriyar"]
[Result "1-0"]
[WhiteElo "2624"]
[BlackElo "2765"]
[Annotator "ChessBase"]
[PlyCount "149"]
[EventDate "2021.12.29"]
[EventType "swiss"]
[EventCountry "POL"]
[Tiebreak "Cut1 Buchholz"]
[SourceTitle "playchess.com"]
[Source "ChessBase"]
[SourceQuality "1"]

1. d4 d5 2. c4 e6 3. Nf3 a6 4. cxd5 exd5 5. Nc3 Nf6 6. Bg5 Be6 7. Qb3 Nbd7 8.
e3 b5 9. Bd3 Be7 10. Qd1 h6 11. Bh4 O-O 12. O-O c5 13. dxc5 Nxc5 14. Nd4 Rc8
15. Rc1 Nxd3 16. Qxd3 Nd7 17. Bxe7 Qxe7 18. Nce2 Ne5 19. Qb1 Nc4 20. Rc2 Rc5
21. Nf4 Rfc8 22. Qc1 b4 23. Qe1 a5 24. Qe2 Qd6 25. Rfc1 Bd7 26. h3 Ne5 27. Rxc5
Rxc5 28. Rd1 a4 29. Qd2 Rc8 30. Nc2 b3 31. axb3 axb3 32. Nd4 Nc4 33. Qc3 Rb8
34. Nxb3 Qb4 35. Qxb4 Rxb4 36. Nc5 Bc6 37. b3 Na5 38. Ra1 Nxb3 39. Rb1 Rxf4 40.
exf4 Nxc5 41. Rc1 Ne6 42. Rxc6 Nxf4 43. Rc8+ Kh7 44. Rd8 d4 45. Kf1 Ne6 46. Rd7
Kg6 47. Ke2 Kf6 48. h4 g5 49. hxg5+ hxg5 50. Kf3 Kg6 51. Rd5 f5 52. g3 g4+ 53.
Ke2 Kf6 54. Kd3 Kg6 55. Ra5 Kf6 56. Kc4 f4 57. Kd5 fxg3 58. fxg3 d3 59. Ra3 Kf5
60. Rxd3 Ng5 61. Re3 Nf3 62. Re8 Nd2 63. Rf8+ Kg5 64. Rf2 Nf3 65. Ra2 Kf5 66.
Ra8 Nd2 67. Rf8+ Kg5 68. Ke5 Nf3+ 69. Ke4 Nd2+ 70. Kd3 Nf3 71. Ke3 Ne5 72. Ke4
Ng6 73. Rf5+ Kh6 74. Ra5 Ne7 75. Kf4 1-0

[Event "FIDE Open World Blitz 2021"]
[Site "Warsaw"]
[Date "2021.12.29"]
[Round "12.9"]
[White "Babazada, Khazar"]
[Black "Tazbir, Marcin"]
[Result "0-1"]
[WhiteElo "2302"]
[BlackElo "2508"]
[Annotator "ChessBase"]
[PlyCount "70"]
[EventDate "2021.12.29"]
[EventType "swiss"]
[EventCountry "POL"]
[Tiebreak "Cut1 Buchholz"]
[SourceTitle "playchess.com"]
[Source "ChessBase"]
[SourceQuality "1"]

1. e4 c5 2. Nf3 d6 3. d4 Nf6 4. Nc3 cxd4 5. Nxd4 a6 6. h3 e5 7. Nde2 Be7 8. Ng3
Nc6 9. Bc4 Be6 10. Bb3 Nd4 11. Be3 Nxb3 12. axb3 d5 13. exd5 Nxd5 14. Nxd5 Qxd5
15. O-O Qc6 16. Qh5 O-O 17. c4 f5 18. f4 g6 19. Qe2 e4 20. Bd4 Rfd8 21. Bc3
Qb6+ 22. Kh2 Qxb3 23. Rfc1 Qxc4 24. Qe1 Qd3 25. Rd1 Qb5 26. Nh5 Kf7 27. Ng3 Bb3
28. Rdc1 Rd3 29. Be5 Bh4 30. Rc7+ Ke8 31. Qc1 Bxg3+ 32. Kh1 Rd1+ 33. Qxd1 Bxd1
34. Rxd1 Rd8 35. Rdc1 Qd3 0-1

[Event "FIDE Open World Blitz 2021"]
[Site "Warsaw"]
[Date "2021.12.29"]
[Round "12.10"]
[White "Sindarov, Javokhir"]
[Black "Svane, Rasmus"]
[Result "1-0"]
[WhiteElo "2587"]
[BlackElo "2628"]
[Annotator "ChessBase"]
[PlyCount "107"]
[EventDate "2021.12.29"]
[EventType "swiss"]
[EventCountry "POL"]
[Tiebreak "Cut1 Buchholz"]
[SourceTitle "playchess.com"]
[Source "ChessBase"]
[SourceQuality "1"]

1. e4 e5 2. Nf3 Nc6 3. Bc4 Bc5 4. b4 Bxb4 5. c3 Ba5 6. d4 d6 7. Qb3 Qd7 8. O-O
Bb6 9. Nbd2 Na5 10. Qc2 Ne7 11. dxe5 O-O 12. Ba3 Ng6 13. exd6 cxd6 14. Rfd1 Qc7
15. Bf1 Bc5 16. Bxc5 dxc5 17. Re1 Nc6 18. Nc4 Bg4 19. Nfd2 Rad8 20. Ne3 Be6 21.
Rad1 Nce5 22. c4 Nc6 23. Nd5 Qb8 24. Qc3 b6 25. Nb3 Qe5 26. Qe3 Qb8 27. f4 Rfe8
28. Qf2 Bc8 29. g3 a5 30. Bg2 Nf8 31. Nd2 Nb4 32. Nf3 Ba6 33. a3 Nc6 34. Bf1
Qa7 35. Rb1 Rb8 36. e5 Ne6 37. f5 Ned4 38. f6 Nxf3+ 39. Qxf3 Nxe5 40. Qf5 Ng6
41. fxg7 Kxg7 42. Qf6+ Kg8 43. Qc3 Rxe1 44. Rxe1 Rd8 45. Nf6+ Kf8 46. Nxh7+ Kg8
47. Nf6+ Kf8 48. Nd5 Kg8 49. h4 Bb7 50. Nf6+ Kf8 51. h5 Nh8 52. Nd5 Kg8 53.
Ne7+ Kh7 54. Bd3+ 1-0

[Event "FIDE Open World Blitz 2021"]
[Site "Warsaw"]
[Date "2021.12.29"]
[Round "12.10"]
[White "Kantor, Gergely"]
[Black "Klimkowski, Jan"]
[Result "1-0"]
[WhiteElo "2566"]
[BlackElo "2015"]
[Annotator "ChessBase"]
[PlyCount "51"]
[EventDate "2021.12.29"]
[EventType "swiss"]
[EventCountry "POL"]
[Tiebreak "Cut1 Buchholz"]
[SourceTitle "playchess.com"]
[Source "ChessBase"]
[SourceQuality "1"]

1. e4 c5 2. Nc3 Nc6 3. Bc4 g6 4. a3 Bg7 5. d3 e6 6. Ba2 Nge7 7. h4 d5 8. h5 O-O
9. hxg6 fxg6 10. Bh6 Bxh6 11. Rxh6 Qd6 12. Qd2 Ne5 13. Rh4 a6 14. O-O-O d4 15.
Qh6 Rf7 16. Nce2 Rg7 17. Nf3 Nf7 18. Qd2 b5 19. Rdh1 Bb7 20. Ng5 Nxg5 21. Qxg5
c4 22. e5 Qc5 23. Nxd4 cxd3 24. Bxe6+ Kh8 25. Qf6 h5 26. Rxh5+ 1-0

[Event "FIDE Open World Blitz 2021"]
[Site "Warsaw"]
[Date "2021.12.29"]
[Round "12.11"]
[White "Adly, Ahmed"]
[Black "Firouzja, Alireza"]
[Result "0-1"]
[WhiteElo "2602"]
[BlackElo "2770"]
[Annotator "ChessBase"]
[PlyCount "85"]
[EventDate "2021.12.29"]
[EventType "swiss"]
[EventCountry "POL"]
[Tiebreak "Cut1 Buchholz"]
[SourceTitle "playchess.com"]
[Source "ChessBase"]
[SourceQuality "1"]

1. d4 Nf6 2. Nf3 d5 3. g3 Bg4 4. Bg2 c6 5. O-O Nbd7 6. c4 e6 7. Nc3 Be7 8. Ne5
Bf5 9. Bf4 O-O 10. Re1 h6 11. Qb3 Nxe5 12. dxe5 Nd7 13. cxd5 Nc5 14. Qd1 exd5
15. e4 dxe4 16. Bxe4 Nxe4 17. Nxe4 Bb4 18. Re3 Qxd1+ 19. Rxd1 Rfd8 20. Rxd8+
Rxd8 21. g4 Rd1+ 22. Kg2 Be6 23. a3 Ba5 24. b4 Bb6 25. Nc5 Bd5+ 26. Kh3 a5 27.
Rd3 Rb1 28. Bd2 axb4 29. axb4 Bc7 30. f4 b6 31. Na6 Bd8 32. b5 Rxb5 33. f5 Rb3
34. Rxb3 Bxb3 35. Nb4 Ba4 36. e6 fxe6 37. fxe6 Be7 38. Nd3 Bb3 39. Ne5 Bd5 40.
Ng6 Bd6 41. e7 Kf7 42. g5 Be4 43. gxh6 0-1

[Event "FIDE Open World Blitz 2021"]
[Site "Warsaw"]
[Date "2021.12.29"]
[Round "12.11"]
[White "Gumularz, Szymon"]
[Black "Efimenko, Zahar"]
[Result "1/2-1/2"]
[WhiteElo "2396"]
[BlackElo "2601"]
[Annotator "ChessBase"]
[PlyCount "151"]
[EventDate "2021.12.29"]
[EventType "swiss"]
[EventCountry "POL"]
[Tiebreak "Cut1 Buchholz"]
[SourceTitle "playchess.com"]
[Source "ChessBase"]
[SourceQuality "1"]

1. e4 g6 2. d4 Bg7 3. Nf3 d6 4. c3 Nf6 5. Bd3 O-O 6. O-O Nc6 7. h3 e5 8. Re1
Re8 9. d5 Ne7 10. c4 a5 11. Nc3 h6 12. Be3 Nd7 13. Bc2 f5 14. exf5 gxf5 15. Nh4
f4 16. Bd2 Nf6 17. Ne4 Rf8 18. Rc1 Bd7 19. c5 Nxe4 20. Bxe4 Nf5 21. Nxf5 Bxf5
22. Bxf5 Rxf5 23. Qb3 f3 24. Re4 fxg2 25. Kxg2 Qf8 26. Be3 Rb8 27. cxd6 cxd6
28. Rg4 Kh8 29. Rc7 Rf7 30. Qc2 Re8 31. Rxf7 Qxf7 32. Qg6 Qxg6 33. Rxg6 Bf8 34.
Kf3 Rc8 35. Re6 Kg8 36. Bxh6 Bxh6 37. Rxh6 Rc2 38. Rxd6 Rxb2 39. a4 Kf7 40. Re6
Rb4 41. Rxe5 Rxa4 42. d6 Rd4 43. Re7+ Kf6 44. Rxb7 Rxd6 45. Ra7 Rd5 46. Kg4
Rg5+ 47. Kf3 Rf5+ 48. Kg2 Rb5 49. f3 Rg5+ 50. Kf2 Rh5 51. Ra6+ Ke7 52. Kg3 Rb5
53. h4 Kf7 54. Kg4 Kg7 55. f4 Rc5 56. Ra7+ Kf6 57. h5 Rb5 58. Ra6+ Kf7 59. h6
Rc5 60. Ra7+ Kg6 61. Ra6+ Kh7 62. f5 Rc1 63. Kg5 Rg1+ 64. Kf6 Ra1 65. Kf7 a4
66. f6 a3 67. Kf8 a2 68. f7 Kh8 69. Ra5 Kh7 70. Ra4 Kh8 71. Ke7 Re1+ 72. Kd6
Rf1 73. Ke7 Re1+ 74. Kd6 Rf1 75. Ke7 Re1+ 76. Kd6 1/2-1/2

[Event "FIDE Open World Blitz 2021"]
[Site "Warsaw"]
[Date "2021.12.29"]
[Round "12.12"]
[White "Caruana, Fabiano"]
[Black "Gelfand, Boris"]
[Result "0-1"]
[WhiteElo "2791"]
[BlackElo "2674"]
[Annotator "TA"]
[PlyCount "108"]
[EventDate "2021.12.29"]
[EventType "swiss"]
[EventCountry "POL"]
[Tiebreak "Cut1 Buchholz"]
[SourceTitle "playchess.com"]
[Source "ChessBase"]
[SourceQuality "1"]

1. e4 c5 2. Nf3 Nc6 3. Bb5 e6 4. O-O Nge7 5. d4 cxd4 6. Nxd4 Ng6 7. c3 Bc5 8.
Be3 Bb6 9. Nd2 O-O 10. a4 a6 11. Be2 Bc7 12. f4 d5 13. Nxc6 bxc6 14. Nb3 e5 15.
f5 Nf4 16. Bf3 a5 17. Nc5 Bb6 18. Qc2 Ba6 19. Rfd1 Qe7 20. b4 Bc4 21. Kh1 Kh8
22. Qf2 Rad8 23. h3 dxe4 24. Bxe4 Nd5 25. Bd2 Nf6 26. Bxc6 Qc7 27. b5 Rxd2 28.
Rxd2 Qa7 29. Rad1 Bxc5 30. Rd8 Qe7 31. Qd2 Bb6 32. Rxf8+ Qxf8 33. Re1 Qc5 34.
g4 h6 35. Qg2 e4 36. h4 e3 37. g5 hxg5 38. hxg5 Qxf5 39. gxf6 Qxf6 40. Qh3+ Kg8
41. Qc8+ Kh7 42. Be4+ g6 43. Qh3+ Kg7 44. Bf3 Qxc3 45. Qg3 Bc7 46. Qh4 Qe5 47.
Bg2 e2 48. Qh3 Bd3 49. Qh4 g5 50. Qh5 Bg6 51. Qh3 Bf5 52. Qh5 Bd3 53. Qh3 Bc4
54. Qh5 Qg3 0-1

[Event "FIDE Open World Blitz 2021"]
[Site "Warsaw"]
[Date "2021.12.29"]
[Round "12.12"]
[White "Anton Guijarro, David"]
[Black "Holm, Kristian Stuvik"]
[Result "1-0"]
[WhiteElo "2669"]
[BlackElo "2471"]
[Annotator "ChessBase"]
[PlyCount "123"]
[EventDate "2021.12.29"]
[EventType "swiss"]
[EventCountry "POL"]
[Tiebreak "Cut1 Buchholz"]
[SourceTitle "playchess.com"]
[Source "ChessBase"]
[SourceQuality "1"]

1. Nf3 d5 2. c4 e6 3. g3 Nf6 4. Bg2 dxc4 5. Qa4+ Bd7 6. Qxc4 c5 7. Ne5 Qc8 8.
Qd3 Nc6 9. Nxd7 Nxd7 10. O-O Be7 11. b3 O-O 12. Bb2 Rd8 13. Nc3 Nde5 14. Qc2
Qc7 15. d3 Rac8 16. Rac1 h5 17. Rfd1 h4 18. Ne4 b6 19. Qd2 Qd7 20. Qe1 Nd4 21.
Nd2 Ndc6 22. Nf3 Nxf3+ 23. Bxf3 Nd4 24. Bg2 hxg3 25. hxg3 Bg5 26. e3 Nc6 27.
Qe2 Qe7 28. Be4 f5 29. Bg2 Bf6 30. Bxf6 Qxf6 31. d4 Nb4 32. a3 Nd5 33. dxc5
bxc5 34. Qa6 Nc3 35. Rxd8+ Rxd8 36. Qc4 Rd1+ 37. Rxd1 Nxd1 38. Bf3 Nb2 39. Qxc5
Nd3 40. Qd4 Qxd4 41. exd4 Kf7 42. Be2 Nc1 43. Bc4 Na2 44. f3 Nc3 45. Kf2 Nb1
46. b4 Nxa3 47. Bd3 Ke7 48. Ke3 a6 49. Kf4 Kd6 50. Bxa6 Nc2 51. b5 Nxd4 52. b6
e5+ 53. Kg5 e4 54. fxe4 fxe4 55. Kf4 Kc6 56. b7 Kc7 57. Kxe4 Nc6 58. Bc4 Ne7
59. Bd5 Kb8 60. Ke5 g6 61. Be4 g5 62. Kf6 1-0

[Event "FIDE Open World Blitz 2021"]
[Site "Warsaw"]
[Date "2021.12.29"]
[Round "12.13"]
[White "Vachier-Lagrave, Maxime"]
[Black "Zvjaginsev, Vadim"]
[Result "1-0"]
[WhiteElo "2766"]
[BlackElo "2609"]
[Annotator "ChessBase"]
[PlyCount "83"]
[EventDate "2021.12.29"]
[EventType "swiss"]
[EventCountry "POL"]
[Tiebreak "Cut1 Buchholz"]
[SourceTitle "playchess.com"]
[Source "ChessBase"]
[SourceQuality "1"]

1. e4 c5 2. Nf3 Nc6 3. Bb5 Nf6 4. Nc3 Qc7 5. O-O a6 6. Bxc6 dxc6 7. h3 e5 8. d3
Be7 9. a4 b6 10. b3 O-O 11. Ne2 h6 12. a5 b5 13. c4 Be6 14. Qc2 Rab8 15. Ng3
Rb7 16. Bb2 Nd7 17. Bc3 Rfb8 18. Nh2 Bg5 19. Ng4 bxc4 20. bxc4 Rb3 21. Ne3 R8b7
22. Rfb1 Rxb1+ 23. Rxb1 Qb8 24. Rxb7 Qxb7 25. Ngf1 Bd8 26. Nd2 Bc7 27. Qb3 Qxb3
28. Nxb3 f6 29. Nd1 f5 30. f3 Bd8 31. Bd2 g5 32. g4 fxe4 33. fxe4 h5 34. Ne3
hxg4 35. hxg4 Kf7 36. Kg2 Kg6 37. Nf5 Bxf5 38. exf5+ Kf7 39. Kf3 Bf6 40. Be3
e4+ 41. Kxe4 Bc3 42. Bxg5 1-0

[Event "FIDE Open World Blitz 2021"]
[Site "Warsaw"]
[Date "2021.12.29"]
[Round "12.13"]
[White "Nguyen, Thai Dai Van"]
[Black "Christiansen, Johan-Sebastian"]
[Result "1-0"]
[WhiteElo "2594"]
[BlackElo "2593"]
[Annotator "ChessBase"]
[PlyCount "180"]
[EventDate "2021.12.29"]
[EventType "swiss"]
[EventCountry "POL"]
[Tiebreak "Cut1 Buchholz"]
[SourceTitle "playchess.com"]
[Source "ChessBase"]
[SourceQuality "1"]

1. d4 d5 2. c4 dxc4 3. Nf3 Nf6 4. e3 b5 5. a4 b4 6. Bxc4 e6 7. O-O Be7 8. b3
O-O 9. Bb2 Bb7 10. Nbd2 Nbd7 11. a5 a6 12. Qe2 c5 13. Rfd1 Qc7 14. dxc5 Bxc5
15. h3 Rfd8 16. Ne1 Bf8 17. Nd3 Nd5 18. Rdc1 Qb8 19. Nf3 N5f6 20. Bd4 Ne4 21.
Rd1 Ndf6 22. Rdc1 Nd5 23. Nfe5 Nec3 24. Qe1 Be7 25. e4 Nf6 26. Bxc3 bxc3 27. f3
Qa7+ 28. Kh1 Rac8 29. Rxc3 Qd4 30. Rac1 Ba3 31. R1c2 Bd6 32. Nxf7 Kxf7 33. e5
Nd5 34. exd6 Rxd6 35. Bxd5 Rxc3 36. Qxc3 Qxd5 37. Qc7+ Kf6 38. Nf4 Qe5 39. Qc3
Rd4 40. Ne2 Rd1+ 41. Ng1 Qxc3 42. Rxc3 Ra1 43. b4 Rb1 44. Rc4 Bd5 45. Rf4+ Ke5
46. Rf7 g6 47. Rxh7 Rxb4 48. Ra7 Bc4 49. Kh2 Ra4 50. h4 Bb5 51. Kg3 Rxa5 52.
Nh3 Ra2 53. Nf4 Kf6 54. Rb7 Bc4 55. Rc7 Bb5 56. Rb7 Rc2 57. Rb8 Rc7 58. Rf8+
Rf7 59. Rg8 Ra7 60. Rxg6+ Kf7 61. Rxe6 a5 62. Re5 Bd7 63. Re3 a4 64. Ra3 Rb7
65. Nd5 Rb5 66. Nc3 Rb4 67. Nxa4 Bxa4 68. Re3 Bd7 69. h5 Rb5 70. Kh4 Kf6 71. g4
Bc6 72. Ra3 Rb6 73. Rc3 Bd5 74. Rc5 Ke6 75. f4 Rb1 76. Kg5 Rg1 77. f5+ Kd6 78.
Ra5 Bb3 79. Ra6+ Kd7 80. Rb6 Bd1 81. Rb4 Ke7 82. h6 Rh1 83. Kg6 Rh4 84. Rb7+
Kd6 85. g5 Bc2 86. h7 Ke5 87. Re7+ Kf4 88. Rf7 Bb3 89. Rf8 Bc2 90. h8=Q Rxh8
1-0

[Event "FIDE Open World Blitz 2021"]
[Site "Warsaw"]
[Date "2021.12.29"]
[Round "12.14"]
[White "Halkias, Stelios"]
[Black "Dragnev, Valentin"]
[Result "0-1"]
[WhiteElo "2575"]
[BlackElo "2396"]
[Annotator "ChessBase"]
[PlyCount "62"]
[EventDate "2021.12.29"]
[EventType "swiss"]
[EventCountry "POL"]
[Tiebreak "Cut1 Buchholz"]
[SourceTitle "playchess.com"]
[Source "ChessBase"]
[SourceQuality "1"]

1. Nf3 Nf6 2. c4 c5 3. Nc3 d5 4. cxd5 Nxd5 5. e3 e6 6. Nxd5 exd5 7. b4 c4 8.
Bb2 Bxb4 9. Bxg7 Rg8 10. Bd4 Nc6 11. Qc2 Rg6 12. Bc3 Bxc3 13. Qxc3 Qf6 14. Qxf6
Rxf6 15. Be2 Bg4 16. O-O Rd8 17. Rfc1 Bxf3 18. Bxf3 Ne5 19. Be2 Rb6 20. f4 Nc6
21. d3 Rb2 22. Bf1 b5 23. Rab1 Rxb1 24. Rxb1 a6 25. a4 Rb8 26. axb5 axb5 27. e4
c3 28. d4 Nxd4 29. Bd3 dxe4 30. Bxe4 c2 31. Rc1 Ne2+ 0-1

[Event "FIDE Open World Blitz 2021"]
[Site "Warsaw"]
[Date "2021.12.29"]
[Round "12.15"]
[White "Mamedov, Rauf"]
[Black "Predke, Alexandr"]
[Result "1/2-1/2"]
[WhiteElo "2673"]
[BlackElo "2627"]
[Annotator "ChessBase"]
[PlyCount "170"]
[EventDate "2021.12.29"]
[EventType "swiss"]
[EventCountry "POL"]
[Tiebreak "Cut1 Buchholz"]
[SourceTitle "playchess.com"]
[Source "ChessBase"]
[SourceQuality "1"]

1. e4 e5 2. Nf3 Nc6 3. Bc4 Bc5 4. c3 Nf6 5. d4 exd4 6. cxd4 Bb4+ 7. Nbd2 Nxe4
8. d5 Ne7 9. O-O Nxd2 10. Nxd2 O-O 11. a3 Bxd2 12. Bxd2 d6 13. Rc1 c6 14. dxc6
Nxc6 15. Re1 d5 16. Bb5 Be6 17. Bxc6 bxc6 18. Rxc6 d4 19. Bb4 Bd5 20. Rc5 Bb7
21. Rce5 d3 22. Bxf8 Kxf8 23. Qd2 Qd6 24. h3 h6 25. R1e3 Rd8 26. Re1 Rc8 27.
R5e3 Ba6 28. Rd1 Kg8 29. Rxd3 Bxd3 30. Qxd3 Qxd3 31. Rxd3 Rc1+ 32. Kh2 Rc2 33.
b4 Rxf2 34. Rd7 a5 35. bxa5 Rf4 36. a6 Ra4 37. a7 Kh7 38. Rxf7 Rxa3 39. Kg1 Ra2
40. Kf1 Kg6 41. Rb7 Kf6 42. Ke1 g5 43. Kd1 h5 44. Kc1 Kf5 45. Kb1 Ra6 46. Kc2
Kf4 47. Rg7 g4 48. hxg4 hxg4 49. Kb3 Kg3 50. Kc4 Ra1 51. Kd5 Rd1+ 52. Ke4 Ra1
53. Kd4 Ra4+ 54. Kc5 Ra1 55. Kb6 Rb1+ 56. Kc7 Rc1+ 57. Kb8 Rb1+ 58. Rb7 Rf1 59.
Rb2 Rf8+ 60. Kb7 Rf7+ 61. Ka6 Rf6+ 62. Ka5 Rf1 63. Ra2 Rf8 64. Kb6 Kh2 65. Rc2
g3 66. Kb7 Rf7+ 67. Kb6 Rf6+ 68. Kb5 Rf5+ 69. Ka6 Rf6+ 70. Kb7 Rf7+ 71. Rc7 Rf8
72. Rc2 Rf7+ 73. Kb6 Rf6+ 74. Kb5 Rf5+ 75. Kb4 Rf4+ 76. Kc5 Rf5+ 77. Kd4 Ra5
78. Rc7 Kxg2 79. Kc4 Kf2 80. Kb4 Ra1 81. Kb5 g2 82. Rf7+ Ke2 83. Rg7 Kf2 84.
Rf7+ Ke2 85. Rg7 Kf2 1/2-1/2